Polski Rap - piosenki po fragmencie - Statystyki

Ogólne statystyki
  • Ten quiz został rozwiązany 2 169 razy
  • Średni wynik to 7 z 20
Statystyki odpowiedzi
Tekst Autor % Poprawnych
Mordo, nie może cię nie być Dupy tu idą pieszo ze Skierniewic Dziś nawet dziewczyny z miasta Zdzierają pięty o asfalt Dobra impreza się kroi jak gięta Z tą ci nie wyjdzie, to przyjdzie następna... Białas
74%
Kiedy zabraknie mi Ciebie jak dziś Wyglądałaś tak ładnie Czarne Vansy i jeans Mieliśmy ostatnią szansę, ja wolałem pić.. Kartky
74%
Nie mam czasu na twe brednie Mam tylko pięć miejsc w furze Muszę kupić lepsze Dawaj sześć zer, G Klasę albo Bentley Świecę - diament Jednym słowem jak zaklęcie... Tymek
71%
Mówią, że styl, mówili, że wstyd (mówili, że wstyd) Nie pasi ci coś to chuj ci w ryj (chuj ci w ryj) Jestem kosmitą (uuu) i lecę z tym Kiedyś jak Danny Devito, dziś jak Shaquille O’Neal... Gedz
66%
NyByLyNyByLy, NyByLyNyByLy, NyByLyNyByLy, puf, puf! NyByLyNyByLy, NyByLyNyByLy, NyByLyNyByLy, puf, puf! NyByLyNyByLy, NyByLyNyByLy, NyByLyNyByLy, puf, puf! NyByLyNyByLy, NyByLyNyByLy, yeah!... Chillwagon
57%
moje pierwsza miłość ma na imię Mary Jane zna ja pół osiedlach chodzi bokiem za 2 5 wczoraj mi obili żebra i sie za mną puścił pies... Kali
46%
Do jakich rozmiarów ciągnęła się będzie życia nić. Nikt nam nie powiedział, kiedy mamy się pożegnać, I ile mamy czekać aby znowu się pojednać, Ramię w ramię nawzajem siebie wspierać, Rodzimy się by żyć, żyjemy by umierać. Aniele śmierci proszę powiedz mi, Czemu w stosunku do nas jesteś obojętny... Grubson
45%
Potencjał niewyczerpany Chyba w DNA on był mi dany Czekaj Fokus, Rah Jeszcze oszaleją wszystkie pizdy Gdy poznają mój urok osobisty Duszę artysty To jaki jestem skromny i bystry Szczery do bólu Że aż przezroczysty I wiesz co mnie boli... Paktofonika
39%
Ja tak jak kot 7 żyć i baluję całą noc Tak jak kot 7 żyć i baluję Ja tak jak kot 7 żyć i baluję całą noc Tak jak kot 7 żyć i baluję... Malik Montana, Mr. Polska
37%
chowam hajs w skarpecie paka mi jaja gniecie biletów pełna kieszeń uliczny styl, we we chowam hajs w skarpecie paka mi jaja gniecie biletów pełna kieszeń uliczny styl, we we... Kabe
36%
Stracił dla niej głowę i w świat z nią pojechał I od tamtego momentu z nią spędza całe dnie Sam podnosił poprzeczkę, łamał wszystkie zakazy W chuju miał krytyków, pisząc swe bohomazy... Popek
33%
Z buta wjeżdżam Jednym strzałem wyłamuje zamek Z buta wjeżdżam Jednym strzałem wyłamuje zamek Z buta wjeżdżam Jednym strzałem wyłamuje zamek Z buta wjeżdżam Jednym strzałem wyłamuje zamek Z buta wjeżdżam Jednym strzałem wyłamuje zamek Z buta wjeżdżam Jednym strzałem wyłamuje zamek Z buta wjeżdżam Jednym strzałem wyłamuje zamek Z buta wjeżdżam Jednym strzałem wyłamuje zamek... Sobota
31%
Jak to jest sprzedać 50 płyt, co? Twoje pół roku mam w sekundę i to real talk Jestem małolatem, który zmieni polską scenę... Szpaku
24%
Mr. Gino, skrrrt, (wow) Włosy wyciapane brylantyną Mr. Gino, skrrrt, (wow) Z landrynową świnią wypierdala na kino Mr. Gino, skrrrt, (wow) Jak De Rossi bo to Gino (wow) Niezły kinol (wow) (Skrrt, skrrt, skrrt, skrrt, skrrt) Kizo, Paris Platynov, Kaz Bałagane
20%
kiedyś przed hotelem w Gdyni chwilę po juwenaliach zaczął nam ubliżać z dupą nacpany baran byliśmy w 7 mógł szybko zjechać na OIOM lecz mam idealny balans pewności z dojrzałością co weekend w klubie obce typy w stylu random... Paluch, Słoń
20%
Leniwe flow, jestem Giggsem Latałem Ryan'em, latałem se Wizz'kiem Latałem po (?), pisałem ten mixtape Dwa lata później prowadzę swój biznes Żaden przeciwnik już nawet nie piśnie... Taco Hemingway
17%
Moje pierwsze imię znasz już, mam na nazwisko Iskariota Patron kłamców knuje, podczas gdy ty śpisz jak bobas Nic na pokaz, mówią raper o mnie, zaraz, chwila To tak jakby mówili, że Neron wynalazł grilla... Słoń
9%
Cała Polska lata ziomal, dzisiaj w naszych logach, Prestiż mamy Rollsa, sprzedażowo Škoda, Ty z ryzykiem na fotach, możesz lizać rowa... Kobik, Joda, Paluch, Szpaku
8%
Gdy zaczynam to pisać w głowie mam pustkę ale rękę na pulsie zaczynam rozkminić ile co pokrótce bo ręka na pulsie jak hip-hop zaczął rozkwitać kończyłem studia w kieleckiej IV... Borixon, Żabson
4%
Wypłakałem tysiąc łez. Mówiłem sobie że to tylko test To, co widzisz i co słyszysz to nie wszystko jest Prawda blisko jest. Idąc za nią tak łatwo się potknąć Dlatego tak niewielu chce jej dotknąć Samotność i cisza nad bezmiarem wód... Donguralesko
3%
Nie znaleziono quizów pasujących do podanych kryteriów
Rozkład punktacji
Procent ludzi z każdym wynikiem
Percentyl według liczby udzielonych odpowiedzi
Twoja historia wyników
Nie rozwiązałeś tego quizu